000
00227 a2200097 4500
001
40787
100
_a
Blake, Bernard
245
_a
Jane's Weapon System 1988-89
260
_a
London
_b
Jane's Year Book
_c
090
_c
25054
_d
25054
942
_a
NUST-CAE
_c
M
_c
16730
999
_c
275860
_d
275860